[Event "2000+ Tournament"]
[Site "SchemingMind.com"]
[Date "2006.10.25"]
[Round "-"]
[White "Chess Tiger"]
[Black "saxon"]
[Result "1/2-1/2"]
[WhiteCountry "GER"]
[BlackCountry "GER"]
[WhiteElo "2312"]
[WhiteRD "65"]
[BlackElo "2326"]
[BlackRD "96"]
[GameID "72805"]

1. e4 c5 2. Nf3 e6 3. d4 cxd4 4. Nxd4 Nc6 5. Nc3 Qc7 6. Be2 Nf6 7. Be3 a6 8. O-O Bb4 9. Na4 Be7 10. Nxc6 bxc6
11. Nb6 Rb8 12. Nxc8 Qxc8 13. Bd4 O-O 14. e5 Nd5 15. c4 Nf4 16. g3 Nxe2+ 17. Qxe2 c5 18. Bc3 f5 19. Rad1 Qc6 20. f4 Rf7
21. b3 Rb7 22. Rd3 Ra7 23. Ba5 g6 24. Qd2 Kf8 25. Rd1 Ke8 26. Qe2 Rb7 27. R1d2 Rg7 28. h4 h5 29. Kh2 Rf7 30. a3 Rf8
31. Qd1 Rf7 32. Bc3 Bf8 33. Rb2 Be7 34. Be1 Rf8 35. Rbd2=
1/2-1/2

[Event "2000+ Tournament"]
[Site "SchemingMind.com"]
[Date "2006.10.25"]
[Round "-"]
[White "Jose Luis Fonseca Gonzalez"]
[Black "saxon"]
[Result "0-1"]
[WhiteCountry "NCA"]
[BlackCountry "GER"]
[WhiteElo "2064"]
[WhiteRD "94"]
[BlackElo "2358"]
[BlackRD "99"]
[GameID "72807"]

1. c4 c6 2. e4 d5 3. exd5 cxd5 4. cxd5 Nf6 5. Nc3 Nxd5 6. Bc4 Nb6 7. Bb3 Nc6 8. Nf3 Bf5 9. d4 e6 10. O-O Be7
11. d5 exd5 12. Be3 O-O 13. Bxb6 Qxb6 14. Nxd5 Qd8 15. Re1 Bd6 16. Ne3 Bg6 17. Bc2 Bb4 18. Re2 Bh5 19. Qxd8 Raxd8 20. g4 Bg6
21. Rc1 Rfe8 22. Bxg6 hxg6 23. h4 Ba5 24. a3 Bb6 25. Kf1 Nd4 26. Nxd4= Rxd4 27. Rce1 Bd8 28. Ng2 Rxe2 29. Rxe2 Kf8 30. g5 f6
31. f4 Bc7 32. Rf2 Kf7 33. Ke2 b5 34. Ke3 Bb6 35. Rd2 Rb4+ 36. Kd3 Rb3+ 37. Kc2 Rf3 38. Kd1 Ke6 39. Ke2 Rf2+ 40. Ke1 Rxd2
41. Kxd2 Kf5 42. Kd3 Kg4 43. Ke2 f5 44. b3 Kg3 45. Ne1 Kxf4
0-1

[Event "2000+ Tournament"]
[Site "SchemingMind.com"]
[Date "2006.10.25"]
[Round "-"]
[White "Estebandido"]
[Black "saxon"]
[Result "1/2-1/2"]
[WhiteCountry "CHI"]
[BlackCountry "GER"]
[WhiteElo "2097"]
[WhiteRD "84"]
[BlackElo "2326"]
[BlackRD "96"]
[GameID "72808"]

1. e4 c5 2. Nf3 e6 3. d4 cxd4 4. Nxd4 Nc6 5. Nc3 Qc7 6. Be2 Nf6 7. O-O a6 8. Be3 Bb4 9. Na4 Be7 10. Nxc6 bxc6
11. Bb6 Qb8 12. Bd4 e5 13. Be3 Qc7 14. f4 O-O 15. fxe5 Qxe5 16. Qd4 Qxd4 17. Bxd4 Nxe4 18. Nb6 Rb8 19. Nxc8 Rfxc8 20. Bxa6 Re8
21. Rae1 d5 22. Bd3 Bd6 23. c4 Bb4 24. Re3 Bc5 25. Bxc5 Nxc5 26. Rxe8+ Rxe8 27. Rf3 Re1+ 28. Kf2 Ra1 29. cxd5 cxd5 30. Bc2 Rxa2
31. Ra3 Rxa3 32. bxa3 Kf8 33. Ke3 Ke7 34. Kd4 Kd6 35. Bxh7 g6 36. Bg8 Ne6+ 37. Kd3 Ke7 38. a4 Nc5+ 39. Kd4 Nxa4 40. Kxd5 Nb6+
41. Ke4 Nd7 42. Kf4 Nf6 43. Bxf7 Kxf7 44. h4 Nh5+ 45. Kg5= Ng7 46. Kf4 Kf6 47. g3 Nf5 48. Kf3 Ke5 49. Kg4 Kf6=
1/2-1/2

[Event "2000+ Tournament"]
[Site "SchemingMind.com"]
[Date "2006.10.25"]
[Round "-"]
[White "mateintwenty"]
[Black "saxon"]
[Result "0-1"]
[WhiteCountry "UGA"]
[BlackCountry "GER"]
[WhiteElo "1847"]
[WhiteRD "96"]
[BlackElo "2277"]
[BlackRD "93"]
[GameID "72809"]

1. e4 c5 2. Nf3 e6 3. d4 cxd4 4. Nxd4 Nc6 5. Nc3 Qc7 6. a3 a6 7. Be2 Nf6 8. O-O Nxd4 9. Qxd4 Bd6 10. g3 b5
11. Bg5 Be5 12. Qb4 a5 13. Qxb5 Bxc3 14. bxc3 Ba6 15. Qa4 Bxe2 16. Rfe1 Qxc3 17. Rab1 Qc4 18. Rb4 Qc6 19. e5 axb4 20. Qxc6 dxc6
21. exf6 bxa3 22. fxg7 Rg8
0-1

[Event "2000+ Tournament"]
[Site "SchemingMind.com"]
[Date "2006.10.25"]
[Round "-"]
[White "heuschrecke"]
[Black "saxon"]
[Result "1/2-1/2"]
[WhiteCountry "GER"]
[BlackCountry "GER"]
[WhiteElo "2363"]
[WhiteRD "77"]
[BlackElo "2325"]
[BlackRD "94"]
[GameID "72810"]

1. d4 Nf6 2. c4 e6 3. Nc3 Bb4 4. f3 d5 5. a3 Bxc3+ 6. bxc3 c5 7. cxd5 Nxd5 8. dxc5 Qa5 9. e4 Ne7 10. Be3 O-O
11. Qb3 Qc7 12. a4 Nd7 13. Nh3 Nxc5 14. Qa3 b6 15. a5 Bb7 16. Be2 Ng6 17. O-O Rfd8 18. Qb4 Rab8 19. Rfb1 Ba8 20. Rd1 Rxd1+
21. Rxd1 Nd7 22. Nf2 Rc8 23. axb6 axb6 24. Bf1 h6 25. Ng4 Bc6 26. Rb1 b5 27. Bd4 Ra8 28. Qb2 Kh7 29. Kh1=
1/2-1/2